|
|
|
|
| LEADER |
00000nam0a2200000 4500 |
| 001 |
283487 |
| 005 |
20231101235612.0 |
| 020 |
|
|
|a RU
|b 85-2615
|
| 035 |
|
|
|a (RuTPU)RU\TPU\book\307570
|
| 090 |
|
|
|a 283487
|
| 100 |
|
|
|a 20150206d1984 km y0rusy5003 ca
|
| 101 |
0 |
|
|a rus
|
| 102 |
|
|
|a RU
|
| 105 |
|
|
|a a z 001zy
|
| 200 |
1 |
|
|a Радиационная безопасность при разведке и добыче урановых руд
|f Л. Д. Салтыков, И. Л. Шалаев, Ю. А. Лебедев
|
| 205 |
|
|
|a 2-е изд., перераб. и доп.
|
| 210 |
|
|
|a Москва
|c Энергоатомиздат
|d 1984
|
| 215 |
|
|
|a 145 с.
|c ил.
|
| 320 |
|
|
|a Библиогр.: с. 139-144
|
| 606 |
1 |
|
|a Урановые руды
|x Радиационная безопасность
|2 stltpush
|3 (RuTPU)RU\TPU\subj\63214
|9 80245
|
| 606 |
1 |
|
|a Урановые руды
|x Добыча
|x Техника безопасности
|x Оптимизация
|x Организация труда
|2 stltpush
|3 (RuTPU)RU\TPU\subj\63203
|9 80234
|
| 610 |
1 |
|
|a урановые месторождения
|
| 610 |
1 |
|
|a гигиена труда
|
| 610 |
1 |
|
|a радиоактивные свойства
|
| 610 |
1 |
|
|a радиационно-опасные объекты
|
| 610 |
1 |
|
|a нормы
|
| 610 |
1 |
|
|a источники
|
| 610 |
1 |
|
|a радон
|
| 610 |
1 |
|
|a радиационная обстановка
|
| 610 |
1 |
|
|a радиационный контроль
|
| 610 |
1 |
|
|a дозиметрический контроль
|
| 610 |
1 |
|
|a радиоактивное загрязнение
|
| 675 |
|
|
|a 622.87
|z rus
|v 3
|
| 675 |
|
|
|a 622.349
|z rus
|v 3
|
| 700 |
|
1 |
|a Салтыков
|b Л. Д.
|g Лев Дмитриевич
|4 070
|
| 701 |
|
1 |
|a Шалаев
|b И. Л.
|g Игорь Леонидович
|
| 701 |
|
1 |
|a Лебедев
|b Ю. А.
|g Юрий Александрович
|
| 801 |
|
0 |
|a RU
|b RuMRKP
|c 19950704
|g psbo
|
| 801 |
|
1 |
|a RU
|b 63413507
|c 20150206
|
| 801 |
|
2 |
|a RU
|b 63413507
|c 20170925
|g RCR
|
| 942 |
|
|
|c BK
|